|
|
|
|
| LEADER |
00000nam a2200000Ii 4500 |
| 001 |
DIGEPUJ0277 |
| 003 |
NyNyDIG |
| 007 |
cr ||||||||||| |
| 008 |
210827s2018 ck ob 000 0 spa d |
| 006 |
m o d |
| 035 |
|
|
|a (OCoLC)1282641704
|
| 040 |
|
|
|a DGITA
|b eng
|e rda
|e pn
|c DGITA
|
| 020 |
|
|
|a 9789587814484
|q eBook
|
| 041 |
1 |
|
|a spa
|a lat
|h lat
|
| 050 |
1 |
4 |
|a 189.4 ebook
|
| 082 |
1 |
4 |
|a B765.D74
|
| 100 |
1 |
|
|a Aravena Zamora, Abel,
|e author.
|
| 245 |
1 |
0 |
|a Comentarios "Acerca del alma" según la doctrina del Doctor Sutil Duns Escoto, por fray Juan de Fuica (1689) /
|c Abel Aravena Zamora.
|
| 264 |
|
1 |
|a [Bogotá] :
|b Pontificia Universidad Javeriana,
|c [2018]
|
| 300 |
|
|
|a 1 online resource.
|
| 336 |
|
|
|a text
|b txt
|2 rdacontent
|
| 337 |
|
|
|a computer
|b c
|2 rdamedia
|
| 338 |
|
|
|a online resource
|b cr
|2 rdacarrier
|
| 347 |
|
|
|a text file
|2 rdaft
|
| 347 |
|
|
|b EPUB
|
| 490 |
1 |
|
|a Biblioteca virtual del pensamiento filosófico en Colombia
|
| 504 |
|
|
|a Includes bibliographical references.
|
| 546 |
|
|
|a Text in Spanish and Latin.
|
| 588 |
0 |
|
|a Online resource; title from ePub title page (Digitalia, viewed August 27, 2021)
|
| 600 |
1 |
0 |
|a Duns Scotus, John,
|d approximately 1266-1308
|x Criticism and interpretation.
|
| 655 |
|
0 |
|a Electronic books.
|
| 700 |
1 |
2 |
|i Container of (work):
|a Duns Scotus, John,
|d approximately 1266-1308.
|t Quaestiones super libris De anima Aristotelis.
|
| 700 |
1 |
2 |
|i Container of (expression):
|a Duns Scotus, John,
|d approximately 1266-1308.
|t Quaestiones super libris De anima Aristotelis.
|l Spanish.
|
| 791 |
2 |
|
|a Digitalia (Firm),
|e distributor.
|
| 793 |
0 |
|
|g Digitalia eBook Collection:
|a Pontificia Universidad Javeriana
|
| 830 |
|
0 |
|a Biblioteca virtual del pensamiento filosófico en Colombia.
|
| 856 |
4 |
0 |
|3 Digitalia Hispánica
|u https://www.digitaliapublishing.com/a/68134/
|
| 910 |
|
|
|a Premium collection: 2021
|